<?xml version="1.0" encoding="UTF-8"?>
<collection xmlns="http://www.loc.gov/MARC21/slim">
 <record>
  <leader>00719cam a22002175a 4500</leader>
  <controlfield tag="001">EIQ.libpla003720</controlfield>
  <controlfield tag="008">760608s1977####nyua#####b####001#0#eng#d</controlfield>
  <controlfield tag="005">20080305171800.0</controlfield>
  <datafield tag="245" ind1="1" ind2="0">
   <subfield code="a">Block copolymers :</subfield>
   <subfield code="b">overview and critical survey /</subfield>
   <subfield code="c">Allen Noshay and James E. McGrath.</subfield>
  </datafield>
  <datafield tag="260" ind1=" " ind2=" ">
   <subfield code="a">New York :</subfield>
   <subfield code="b">Academic Press,</subfield>
   <subfield code="c">1977.</subfield>
  </datafield>
  <datafield tag="300" ind1=" " ind2=" ">
   <subfield code="a">xvi, 516 p. :</subfield>
   <subfield code="b">il. ;</subfield>
   <subfield code="c">24 cm.</subfield>
  </datafield>
  <datafield tag="504" ind1=" " ind2=" ">
   <subfield code="a">Incluye referencias bibliográficas e índices.</subfield>
  </datafield>
  <datafield tag="020" ind1=" " ind2=" ">
   <subfield code="a">0125217501</subfield>
  </datafield>
  <datafield tag="100" ind1="1" ind2=" ">
   <subfield code="a">Noshay, Allen.</subfield>
  </datafield>
  <datafield tag="700" ind1="1" ind2=" ">
   <subfield code="a">McGrath, James E.</subfield>
  </datafield>
  <datafield tag="082" ind1="0" ind2="0">
   <subfield code="a">547/.84</subfield>
  </datafield>
  <datafield tag="650" ind1=" " ind2="4">
   <subfield code="a">Polímeros</subfield>
   <subfield code="x">Copolímeros.</subfield>
  </datafield>
  <datafield tag="650" ind1=" " ind2="4">
   <subfield code="a">Polymers</subfield>
   <subfield code="x">Copolymers.</subfield>
  </datafield>
  <datafield tag="010" ind1=" " ind2=" ">
   <subfield code="a">   75044758 </subfield>
  </datafield>
  <datafield tag="040" ind1=" " ind2=" ">
   <subfield code="a">DLC</subfield>
   <subfield code="c">DLC</subfield>
   <subfield code="d">AR-BbSID</subfield>
  </datafield>
  <datafield tag="859" ind1=" " ind2=" ">
   <subfield code="a">AR-BbSID</subfield>
   <subfield code="b">BIB. PLAPIQUI</subfield>
   <subfield code="h">547.84</subfield>
   <subfield code="i">N 84</subfield>
   <subfield code="p">643</subfield>
  </datafield>
 </record>
</collection>
